1都3県の有名高校の最寄り駅を答える - Statistics

General Stats
  • This quiz has been taken 78 times
  • The average score is 20 of 50
Answer Stats
高校名 最寄り駅 % Correct
国立 筑波大学附属駒場高校 駒場東大前
78%
私立 開成高校 西日暮里
76%
県立 浦和第一女子高校 浦和
73%
私立 慶應義塾志木高校 志木
71%
私立 渋谷教育学園渋谷高校 渋谷
71%
県立 浦和高校 北浦和
66%
私立 渋谷教育学園幕張高校 海浜幕張
66%
私立 駒場東邦高校 駒場東大前・池尻大橋
63%
私立 早稲田高校 早稲田
63%
私立 慶應義塾高校 日吉
58%
私立 海城高校 新大久保
53%
国立 お茶の水女子大学附属高校 茗荷谷
47%
都立 戸山高校 西早稲田
44%
私立 慶應義塾女子高校 三田
44%
私立 栄東高校 東大宮
44%
県立 船橋高校 東船橋
42%
都立 新宿高校 新宿三丁目
42%
県立 大宮高校 さいたま新都心
41%
私立 東京学芸大学附属高校 学芸大学
41%
私立 豊島岡女子学園高校 東池袋
41%
私立 早稲田実業学校 国分寺
41%
都立 国立高校 谷保
39%
都立 日比谷高校 溜池山王・国会議事堂前
39%
都立 青山高校 外苑前
37%
私立 桜蔭高校 水道橋
37%
私立 武蔵高校 江古田
36%
私立 浅野高校 新子安
34%
私立 栄光学園高校 大船
34%
私立 吉祥女子高校 西荻窪
34%
私立 雙葉高校 四ツ谷
34%
県立 千葉高校 本千葉
32%
私立 聖光学院高校 山手
32%
私立 麻布高校 広尾
31%
都立 西高校 久我山
29%
私立 本郷高校 巣鴨
29%
国立 筑波大学附属高校 護国寺
27%
私立 巣鴨高校 大塚
27%
私立 早稲田大学高等学院 上石神井
25%
県立 湘南高校 藤沢本町
24%
私立 攻玉社高校 不動前
24%
私立 開智高校 東岩槻
22%
私立 女子学院高校 麹町
22%
都立 八王子東高校 北八王子
20%
都立 武蔵高校 武蔵境
20%
私立 芝高校 神谷町
20%
私立 洗足学園高校 溝の口・武蔵溝ノ口
20%
都立 小石川中等教育学校 千石
19%
県立 横浜翠嵐高校 三ツ沢下町
17%
私立 フェリス女学院高校 石川町
15%
私立 鴎友学園女子高校 宮の坂
7%
No matching quizzes found
Score Distribution
Percent of People with Each Score
Percentile by Number Answered
Your Score History
You have not taken this quiz